000 00600nam a2200193Ia 4500
005 20250508170030.0
008 008 250505s9999 xx 000 0 eng d
037 _aTheses
040 _aFEDL
_beng
_cFEDL
041 _aeng
_2eng
084 _a808.068, KAL/TH
_qFEDL
100 _aKalra Prachi
_9553447
245 0 _aMaking meaning with stories: Children's experiences with critical pedagogy in primary school
260 _c2018
300 _aviii, 217p.
546 _aPh.D Thesis (Delhi University); C D Included
942 _cTH
_h808.068, KAL/TH
999 _c1398807
_d1398807